ბათუმის შოთა რუსთაველის სახელმწიფო უნივერსიტეტის ბიბლიოთეკა

ბუღალტრული აღრიცხვა, №6.2013. (ბიბ.ჩანაწერი № 40895)

000 -LEADER
fixed length control field 00681nam a2200169Ia 4500
001 - CONTROL NUMBER
control field 7539
003 - CONTROL NUMBER IDENTIFIER
control field GE_BSU
008 - FIXED-LENGTH DATA ELEMENTS--GENERAL INFORMATION
fixed length control field 181216s||||||||xx |||||||||||||| ||und||
040 ## - CATALOGING SOURCE
Transcribing agency GE_BSU
245 ## - TITLE STATEMENT
Title ბუღალტრული აღრიცხვა, №6.2013.
245 ## - TITLE STATEMENT
Remainder of title ყოველთვიური სამეცნიერო-პრაქტიკული ჟურნალი.
245 ## - TITLE STATEMENT
Statement of responsibility, etc. მთ.რედ.ლავრენტი ჭუმბურიძე, გამ.რედ.მანანა გველესიანი.
260 ## - PUBLICATION, DISTRIBUTION, ETC.
Place of publication, distribution, etc. თბილისი.
300 ## - PHYSICAL DESCRIPTION
Extent 62გვ;29სმ.
653 ## - INDEX TERM--UNCONTROLLED
Uncontrolled term პერიოდიკა
942 ## - ADDED ENTRY ELEMENTS (KOHA)
Koha item type პერიოდიკა
ეგზემპლარები
Withdrawn status Lost status Damaged status Not for loan Date acquired Barcode Date last seen Price effective from Koha item type
        2018-12-17 p75698 2018-12-17 2018-12-17 პერიოდიკა